Financial accounting / (Record no. 3238)
[ view plain ]
| 000 -LEADER | |
|---|---|
| fixed length control field | 01844pam a2200193 a 4500 |
| 020 ## - INTERNATIONAL STANDARD BOOK NUMBER | |
| ISBN | 0070213550 |
| 020 ## - INTERNATIONAL STANDARD BOOK NUMBER | |
| ISBN | 9780070213555 |
| 050 00 - CALL NUMBER | |
| Classification number | HF5635 |
| Item number | .E85 |
| 100 1# - AUTHOR | |
| Personal name | Eskew, Robert K., |
| 245 10 - TITLE | |
| Title | Financial accounting / |
| Statement of responsibility, etc | Robert K. Eskew, Daniel L. Jensen. |
| 250 ## - EDITION | |
| Edition statement | 5th ed. |
| 260 ## - PUBLICATION INFORMATION | |
| Place of publication | New York : |
| Name of publisher | McGraw-Hill, |
| Year of publication | 1996. |
| 300 ## - DESCRIPTION | |
| Number of Pages | xxxi, 896 p. : |
| Other physical details | col. ill. ; |
| Dimensions | 29 cm. |
| 500 ## - NOTES | |
| General note | Includes index. |
| 505 ## - FORMATTED CONTENTS NOTE | |
| Table of Content | PART 1: INTRODUCTION<br/>Chapter 1: Accounting and Accounting Information <br/>Chapter 2: The Financial Statement<br/><br/>PART 2: THE ACCOUNTING CYCLE<br/>Chapter 3: Recording Business Activity <br/>Chapter 4: Adjustment<br/>Chapter 5: Accountability and Control<br/><br/>PART 3: ACCOUNTING FOR ASSETS<br/>Chapter 6: Income and the Operating Cycle<br/>Chapter 7: Controlling, Costing and Analyzing Inventories<br/>Chapter 8: Reporting and Controlling Liquid Assets<br/>Chapter 9: Measuring and Reporting Long - Term Operating Assets <br/><br/>PART 4: ACCOUNTING FOR LIABILITIES AND EQUITY<br/>Chapter 10: Current Liabilities, Contingent Liabilities and the Time Values of Money<br/>Chapter 11 A: Long - Term Debt: Straight - Line Interest<br/>Chapter 11 B: Long - Term Debt: Effective Interest Procedures<br/>Chapter 12: Analyzing and Reporting owners' Equity<br/><br/>PART 5: ADDITIONAL DIMENSIONS OF FINANCIAL REPORTING<br/>Chapter 13: The Statement of Cash Flows<br/>Chapter 14: Long - Term Investments, Consolidated Financial Statements and Business Combinations<br/>Chapter 15: Financial Statement Analysis<br/>Chapter 16: Managing and Accounting for Corporate Income<br/><br/>SUPPLEMENTARY TOPICS<br/>TOPIC A: Accounting for NonBusiness Organizations<br/>TOPIC B: Accounting for Changing Prices<br/>TOPIC C: Accounting for International Operations<br/>TOPIC D: Personal Income Taxation<br/>TOPIC E: Recognition and Measurements<br/> |
| 650 #0 - SUBJECTS | |
| Topical Term | Accounting. |
| 700 1# - OTHER AUTHORS | |
| Personal name | Jensen, Daniel L. |
| 942 ## - ADDED ENTRY ELEMENTS (KOHA) | |
| Koha item type | Books |
| Withdrawn status | Lost status | Home library | Current library | Shelving location | Date acquired | Full call number | Accession Number | Koha item type |
|---|---|---|---|---|---|---|---|---|
| Methodist University Library Tema | Methodist University Library Tema | General Stacks | 17/07/2002 | HF5635 .E85 | 23117 | Books | ||
| Methodist University Library Tema | Methodist University Library Tema | General Stacks | 17/07/2002 | HF5635 .E85 | 23118 | Books | ||
| Methodist University Library Tema | Methodist University Library Tema | General Stacks | 17/07/2002 | HF5635 .E85 | 23116 | Books |